Focus sur: Aidan Lynch - Harry Potter - Statistiques

Statistiques générales
  • Ce quiz a été pris 108 fois
  • Le résultat moyen est 5 sur 5
Statistiques - réponses
Informations recherchées Réponses % Correct
Lieu de "rencontre" avec Harry Potter Coupe du monde de Quidditch
98%
Poste occupé au Quidditch Attrapeur
96%
Première apparition Harry Potter et la Coupe de Feu
96%
Profession Joueur de Quidditch
95%
Equipe de Quidditch (pays) Irlande
88%
Aucun quiz correspondant
Distribution des résultats
% des personnes avec chaque résultat
Percentile par nombre de réponses
Votre historique - résultats
Vous n’avez pas pris ce quiz